| 000 | 00883cam a22002775a 4500 | ||
|---|---|---|---|
| 001 | 017842868 | ||
| 003 | OSt | ||
| 005 | 20180401134122.0 | ||
| 008 | 160420s2016 enka frb 001 0 eng d | ||
| 015 |
_aGBB664984 _2bnb |
||
| 016 | 7 |
_a017842868 _2Uk |
|
| 020 | _a9781783300624 (pbk.) | ||
| 040 |
_aStDuBDS _beng _cStDuBDS _dUk _dEG-ScBUE |
||
| 082 | 0 | 4 |
_a006.332 _bSTU _222 |
| 100 | 1 |
_aStuart, David _q(David Patrick). |
|
| 245 | 1 | 0 |
_aPractical ontologies for information professionals / _cDavid Stuart. |
| 250 | _a1st ed. | ||
| 260 |
_aLondon : _bFact Publishing, _c2016. |
||
| 300 |
_aviii, 184 p. : _bill. ; _c24 cm. |
||
| 504 | _aIncludes bibliographical references and index. | ||
| 650 | 7 |
_aKnowledge representation (Information theory) _2BUEsh |
|
| 650 | 7 |
_aOntologies (Information retrieval) _2BUEsh |
|
| 651 | _2BUEsh | ||
| 653 |
_bCOMSCI _bGGEN _cApril2018 |
||
| 942 | _2ddc | ||
| 999 |
_c26444 _d26416 |
||